000 00745nam a2200289Ia 4500
005 20260324122040.0
008 008 260324s9999 xx 000 0 eng d
020 _a9780203427644
037 _aEBOOK
040 _aCRL
040 _beng
040 _cCRL
041 _2eng
041 _aeng
084 _qCRL
100 _aMireille Hildebrandt; Katja de Vries
_91164907
245 0 _aPrivacy, Due Process and the Computational Turn
245 4 _bThe Philosophy of Law Meets the Philosophy of Technology
260 _bTaylor and Francis
260 _c2013
365 _a
365 _b230
856 _uhttp://www.taylorfrancis.com/books/9780203427644
942 _cEBOOK
999 _c1757377
_d1757377